| 000 | 00476nam a2200121Ia 4500 | ||
|---|---|---|---|
| 008 | 171212s9999 xx 000 0 und d | ||
| 100 | _aHager, Sandy Brian | ||
| 245 |
_cHager, Sandy Brian _aPublic Debt, Inequality, and Power _bThe Making of a Modern Debt State |
||
| 260 |
_bUniversity of California Press _c2016 |
||
| 650 | _aDebts, Public -- United States; Government securities -- United States | ||
| 650 | _aHistory | ||
| 856 | _uhttp://jstor.org/stable/10.1525/j.ctt1ffjnfn | ||
| 999 |
_c352982 _d352982 |
||